[Event "TIPC 2015"]
[Site "Roux"]
[Date "2015.08.01"]
[Round "1.1"]
[White "Huynh, Laurent"]
[Black "Sumets, Andrey"]
[Result "1/2-1/2"]
[BlackElo "2596"]
[WhiteElo "1876"]
[LiveChessVersion "1.4.6"]

1. c4  Nf6  2. Nc3  e6
 3. g3  d5  4. cxd5
 exd5  5. d4  c6 
6. Qc2  Bd6  7. Nh3  O-O
 8. Bf4  Be7  9. Bg2
 Re8  10. O-O  h6
 11. Rfd1  Be6  12. f3
 Qc8  13. Nf2  Nbd7
 14. e4  Nf8  15. Be3
 N6d7  16. Rac1  Nb6
 17. Bf1  Nh7  18. Na4
 Ng5  19. Bxg5  hxg5
 20. Nc5  Bxc5  21. Qxc5
 g4  22. f4  dxe4
 23. Nxe4  Bd5  24. Nd6
 Qe6  25. Re1  Qxe1
 26. Rxe1  Rxe1  27. Kf2
 Ra1  28. a3  Na4
 29. Qb4  b5  30. b3
 a5  31. Qd2  Rxa3
 32. Qe3  Rxb3  33. Qe5
 f6  34. Qe7  Rf8
 35. Nf5  Bf7  36. Qd7
 Nc3  37. Ne7+  Kh8
 38. Qxg4  g6  39. Nxg6+
 Bxg6  40. Qxg6  Nd5
 41. Qh6+  Kg8  42. Qg6+
 Kh8  43. Qh6+  Kg8 44. Bd3 Rxd3
45. Qg6+ Kh8  1/2-1/2

[Event "TIPC 2015"]
[Site "Roux"]
[Date "2015.08.01"]
[Round "1.2"]
[White "Hovhannisyan, Mher"]
[Black "Grobelny, Fabrice"]
[Result "1-0"]
[BlackElo "1916"]
[WhiteElo "2515"]
[LiveChessVersion "1.4.6"]

1. e4  c5  2. c3  d5
 3. exd5  Qxd5  4. d4
 e6  5. Nf3  Nf6 
6. Be2  Be7  7. O-O  O-O
 8. c4  Qd8  9. dxc5
 Bxc5  10. Nc3  Nc6
 11. a3  a6  12. b4
 Be7  13. Bf4  Nh5
 14. Qxd8  Rxd8  15. Be3
 Nf6  16. Bb6  Re8
 17. Rfd1  e5  18. Nd5
 Nxd5  19. cxd5  Nd4
 20. Nxd4  exd4  21. Bf3
 Bd6  22. Bxd4  Bf5
 23. Bc5  Rad8  24. Rac1
 f6  25. g3  Kf7 
26. Kg2  Re7  27. h4  Ke8
 28. Re1  Rxe1  29. Rxe1+
 Kf8  30. g4  Bc8
 31. a4  Kf7  32. a5
 Kf8  33. Rc1  Ke7
 34. Re1+  Kf8  35. h5
 h6  36. Re3  f5 
37. gxf5  Bxf5  38. Kf1  Bh3+
 39. Ke2  Bf5  40. Kd2
 Kf7  41. Kc3  Kf8
 42. Kd4  Kf7  43. Bxd6
 Rxd6  44. Ke5  Rf6
 45. Rc3  1-0

[Event "TIPC 2015"]
[Site "Roux"]
[Date "2015.08.01"]
[Round "1.3"]
[White "Guion, Geoffrey"]
[Black "Kveinys, Aloyzas"]
[Result "0-1"]
[BlackElo "2491"]
[WhiteElo "1944"]
[LiveChessVersion "1.4.6"]

1. e4  c5  2. Nf3  e6
 3. d3  Nc6  4. g3
 Nf6  5. Bg2  Be7
 6. O-O  O-O  7. Qe2
 e5  8. Nc3  d6 
9. h3  h6  10. a3  Be6
 11. Kh2  Rc8  12. Bd2
 Re8  13. Rae1  Bf8
 14. Qd1  g6  15. Ng1
 c4  16. f4  cxd3
 17. cxd3  Nd4  18. Be3
 Bb3  19. Qd2  Nc2
 20. Rc1  Nxe3  21. Qxe3
 exf4  22. Qxf4  Bg7
 23. Nb5  Rxc1  24. Rxc1
 Qb6  25. Nc3  Nh5
 26. Qf3  Nxg3  27. Nge2
 Nxe2  28. Qxe2  d5
 29. Qd2  Qd6+  30. Kh1
 dxe4  31. Bxe4  Bxc3
 32. Qxc3  Bd5  33. Re1
 Qg3  0-1

[Event "TIPC 2015"]
[Site "Roux"]
[Date "2015.08.01"]
[Round "1.4"]
[White "Dgebuadze, Alexandre"]
[Black "Paul, Bernard"]
[Result "1-0"]
[BlackElo "1914"]
[WhiteElo "2489"]
[LiveChessVersion "1.4.6"]

1. e4  e6  2. d3  d5
 3. Qe2  Ne7  4. h4
 c5  5. Nf3  Nbc6
 6. g3  b6  7. Bg2
 Bb7  8. c3  a5 
9. Na3  Qd7  10. exd5  Nxd5
 11. Nc4  Be7  12. a4
 O-O  13. Bg5  Rfe8
 14. O-O  f6  15. Bd2
 e5  16. h5  Bd8 
17. Nh4  Bc7  18. Be4  Nce7
 19. Qf3  Rf8  20. g4
 Rad8  21. Rfe1  Bc8
 22. Nf5  Qe8  23. d4
 Bxf5  24. gxf5  Qd7
 25. dxc5  bxc5  26. Red1
 Qc8  27. Kh1  Kh8
 28. Rg1  Rg8  29. Rae1
 Qa6  30. b3  Qb7
 31. h6  Qxb3  32. hxg7+
 Rxg7  33. Rxg7  Kxg7
 34. Rg1+  Kh8  35. Bxd5
 Nxd5  36. Qg4  1-0

[Event "TIPC 2015"]
[Site "Roux"]
[Date "2015.08.01"]
[Round "1.5"]
[White "Roos, Louise"]
[Black "Naumkin, Igor"]
[Result "0-1"]
[BlackElo "2437"]
[WhiteElo "1913"]
[LiveChessVersion "1.4.6"]

1. e4  e5  2. Nf3  Nc6
 3. Bb5  a6  4. Ba4
 Nf6  5. Qe2  b5 
6. Bb3  Be7  7. O-O  O-O
 8. d3  d6  9. h3
 h6  10. c3  Re8 
11. Nbd2  Bf8  12. Rd1  Bb7
 13. Nf1  Na5  14. Bc2
 c5  15. Ng3  Qc7
 16. Nf5  d5  17. a4
 b4  18. cxb4  cxb4
 19. b3  Rac8  20. Rd2
 Qc6  21. Ng3  Qe6
 22. Rb1  Nd7  23. d4
 dxe4  24. Nxe5  Nxe5
 25. dxe5  Qxe5  26. Bb2
 Qe6  27. Bd4  f5
 28. Nh5  Nc6  29. Qe3
 Nxd4  30. Qxd4  Qf7
 31. Ng3  e3  0-1

[Event "TIPC 2015"]
[Site "Roux"]
[Date "2015.08.01"]
[Round "1.6"]
[White "Godart, François"]
[Black "De Reymaeker, Walter"]
[Result "1-0"]
[BlackElo "1912"]
[WhiteElo "2422"]
[LiveChessVersion "1.4.6"]

1. d4  Nf6  2. c4  c5
 3. d5  b5 4. cxb5  a6
 5. bxa6  g6  6. Nc3
 Bxa6  7. e4  Bxf1
 8. Kxf1  d6  9. Nf3
 Nbd7  10. g3  Bg7
 11. Kg2  O-O  12. a4
 Ng4  13. Qe2  Qa5
 14. Nd2  Ngf6  15. Nc4
 Qb4  16. Bd2  Nb6
 17. Nxb6  Qxb6  18. Nb5
 e6  19. dxe6  fxe6
 20. Bf4  d5  21. Bd6
 Rf7  22. e5  Ne4
 23. f3  Nxd6  24. exd6
 e5  25. h4  Raf8
 26. Raf1  Qc6  27. h5
 gxh5  28. Rxh5  e4
 29. f4  d4  30. Qc4
 e3+  31. Qd5  Qxd5+
 32. Rxd5  Rf5  33. Rxf5
 Rxf5  34. Kf3  Kf7
 35. Rc1  Ke6  36. g4
 Rf8  37. Rxc5  e2
 38. f5+  Kd7  39. Rc7+
 Kd8  40. Kxe2  Bf6
 41. Kd3  Rg8  42. Rf7
 Bh8 1-0

[Event "TIPC 2015"]
[Site "Roux"]
[Date "2015.08.01"]
[Round "1.7"]
[White "Rousseau, Jean-François"]
[Black "Shirazi, Kamran"]
[Result "0-1"]
[BlackElo "2409"]
[WhiteElo "1906"]
[LiveChessVersion "1.4.6"]

1. Nc3  c5  2. Nf3  d5
 3. e4  d4  4. Ne2
 Nc6  5. Ng3  a6 
6. a4  Rb8  7. d3  e5
 8. c3  f6  9. Nh4
 g6  10. f4  Bh6 
11. f5  Bxc1  12. Rxc1  Nge7
 13. fxg6  hxg6  14. Be2
 Rxh4  15. O-O  Qd6
 16. Nh5  gxh5  17. Bxh5+
 Kd8  18. g3  Rh3
 19. Bf7  Bd7  20. Qb3
 Kc7  21. cxd4  Nxd4
 22. Qd1  Rbh8  23. Rf2
 f5  24. b4  Qh6 
25. Rxc5+  Kb8  0-1

[Event "TIPC 2015"]
[Site "Roux"]
[Date "2015.08.01"]
[Round "1.8"]
[White "Soors, Stef"]
[Black "Jamar, Vadim"]
[Result "1-0"]
[BlackElo "1919"]
[WhiteElo "2407"]
[LiveChessVersion "1.4.6"]

1. e4  c5 2. c3 Nf6 3. e5 Nd5  4. Nf3 e6 5. Bc4
 d6  6. d4  cxd4 
7. cxd4  Be7  8. O-O O-O 9. Qe2 
b6  10. Bxd5 exd5 11. Rd1  Ba6 
12. Qc2 Nd7 13. Nc3 Rc8 14. Bf4 Re8 15. exd6  Bf8
 16. Re1 Nf6 17. Qa4 Bd3 18. Rxe8 Qxe8 19. Qxa7 Be4 20. Re1 Qd8
21. Ne5 Bxd6 22. Nxf7 Rc7 23. Qxb6  1-0

[Event "TIPC 2015"]
[Site "Roux"]
[Date "2015.08.01"]
[Round "1.9"]
[White "Lui, Eric"]
[Black "Capone, Nicola"]
[Result "0-1"]
[BlackElo "2379"]
[WhiteElo "1892"]
[LiveChessVersion "1.4.6"]

1. e4  c5  2. g3  e6
 3. d3  d5  4. Nd2
 Nc6  5. Bg2  Nf6
 6. Ngf3  Be7  7. O-O
 O-O  8. e5  Nd7 
9. Re1  Qc7  10. Qe2  b5
 11. Nf1  a5  12. h4
 Ba6  13. Bf4  b4
 14. Ne3  c4  15. Nxd5
 exd5  16. e6  Bd6
 17. Bxd6  Qxd6  18. exd7
 cxd3  19. cxd3  Qxd7
 20. Ne5  Nxe5  21. Qxe5
 Rad8  22. Qd4  Qb5
 23. Re5  Qxd3  24. Qxd3
 Bxd3  25. Bxd5  g6
 26. a4  Rfe8  27. Rae1
 Rxe5  28. Rxe5  Bc2
 29. Bf3  Rd3  30. Bc6
 Rd6  31. Bb5  Bf5
 32. Bc4  h5  33. Re8+
 Kg7  34. Re7  Rd7
 35. Re5  Rd1+  36. Kg2
 Rd4  37. b3  Be4+
 38. Kf1  Bf3  39. Be2
 Bd5  40. Re3  Rd2
 41. Ke1  Rb2  42. Bd1
 Kf6  43. f4  Be6
 44. Re5  Bxb3  45. Bxb3
 Rxb3  46. Kf2  Ra3
 47. Rxa5  Ke6  48. Ra8
 Kf5  49. a5  Kg4
 50. Rb8  Ra2+  51. Ke3
 Rxa5  52. Rxb4  Kxg3
 0-1

[Event "TIPC 2015"]
[Site "Roux"]
[Date "2015.08.01"]
[Round "1.10"]
[White "Hautot, Stéphane"]
[Black "Mattheys, Eddy"]
[Result "1-0"]
[BlackElo "1918"]
[WhiteElo "2360"]
[LiveChessVersion "1.4.6"]

1. e4  g6  2. d4  Bg7
 3. Nc3  d6  4. Be3
 Nc6  5. Qd2  f5 
6. d5  Ne5  7. f4  Nf7
 8. Bd4  Bf6  9. Nf3
 fxe4  10. Ng5  Nxg5
 11. fxg5  Be5  12. O-O-O
 e6  13. Bb5+  Bd7
 14. dxe6  Bxb5  15. Nxb5
 Bxd4  16. Qxd4  Qxg5+
 17. Kb1  Nf6 1-0

[Event "TIPC 2015"]
[Site "Roux"]
[Date "2015.08.01"]
[Round "1.11"]
[White "Stromboli, Ettore"]
[Black "Stilmant, Thierry"]
[Result "1-0"]
[BlackElo "1857"]
[WhiteElo "2324"]
[LiveChessVersion "1.4.6"]

1. e4 c5 2. Nf3 a6 3. c3 d6 4. d4 Nd7 5. a4 b6 6. e5 dxe5 7. dxe5 e6 8. Bd3 Bb7
9. Qe2 Qc7 10. Bf4 Ne7 11. Nbd2 Nd5 12. Bg3 Be7 13. h4 h6 14. Nc4 O-O 15. Qe4
N5f6 16. exf6 Bxe4 17. Bxc7 Bxd3 18. fxe7 Rfc8 19. Bd8 1-0

[Event "TIPC 2015"]
[Site "Roux"]
[Date "2015.08.01"]
[Round "1.12"]
[White "Willen, Ronny"]
[Black "Tomov, Georgi"]
[Result "0-1"]
[BlackElo "2279"]
[WhiteElo "1850"]
[LiveChessVersion "1.4.6"]

1. e4 c5 2. Nc3 e6 3. g3 d5 4. exd5 exd5 5. d3 Nf6 6. Bg2 Be7 7. Nge2 Nc6 8. O-O
d4 9. Ne4 Nxe4 10. Bxe4 Bh3 11. Re1 Qd7 12. Nf4 Bg4 13. f3 Bf5 14. Qe2 O-O 15.
Bd2 Rfe8 16. Bxf5 Qxf5 17. Qe4 Qxe4 18. Rxe4 Bg5 19. Rae1 Rxe4 20. Rxe4 f5 21.
Re2 Kf7 22. a3 b5 23. Kf2 a5 24. h4 Bxf4 25. Bxf4 a4 26. Bd6 c4 27. Bc5 h5 28.
Bb6 c3 29. bxc3 dxc3 30. d4 b4 31. d5 Ne7 32. d6 Nd5 33. Bc5 b3 34. Re1 Rb8 35.
f4 g6 36. Ba7 Rb7 37. Bc5 Nf6 38. Ke3 Ne4 39. Kd4 b2 40. Bb4 Rxb4+ 41. axb4 a3
0-1

[Event "TIPC 2015"]
[Site "Roux"]
[Date "2015.08.01"]
[Round "1.13"]
[White "Van Mechelen, Jan"]
[Black "Ooghe, Jean-Marie"]
[Result "1-0"]
[BlackElo "1848"]
[WhiteElo "2243"]
[LiveChessVersion "1.4.6"]

1. d4 d5 2. Nf3 Nf6 3. c4 c6 4. e3 e6 5. b3 Bb4+ 6. Nbd2 Nbd7 7. Bd3 Qc7 8. Bb2
a6 9. O-O O-O 10. a3 Bd6 11. Ne5 c5 12. f4 b6 13. Rf3 Bb7 14. Rg3 Rac8 15. Nxd7
Nxd7 16. dxc5 1-0

[Event "TIPC 2015"]
[Site "Roux"]
[Date "2015.08.01"]
[Round "1.14"]
[White "Hiel, Lino"]
[Black "Wiley, Tom"]
[Result "0-1"]
[BlackElo "2234"]
[WhiteElo "1844"]
[LiveChessVersion "1.4.6"]

1. e4 c5 2. Nf3 e6 3. d4 cxd4 4. Nxd4 a6 5. c4 Nf6 6. Nc3 Qc7 7. Be2 Bb4 8. Qc2
Qe5 9. Be3 Qxe4 10. Qb3 Bxc3+ 11. bxc3 Nc6 12. Bf3 Qe5 13. O-O O-O 14. Rad1 d5
15. Rfe1 Na5 16. Qc2 Nxc4 17. Bc1 Qc7 18. Bg5 Nd7 19. Qe2 Ndb6 20. Bg4 e5 21. Nf5
f6 22. Bc1 Kh8 23. Rd3 g6 24. Ne3 Nxe3 25. Bxe3 Bxg4 26. Qxg4 Rad8 27. Qb4 Nc4
28. Rxd5 Nxe3 29. Rxe3 Kg7 30. Red3 Rxd5 31. Rxd5 Rc8 32. h3 b5 33. a4 a5 34.
Qxb5 Qxc3 35. Qxa5 Qc1+ 0-1

[Event "TIPC 2015"]
[Site "Roux"]
[Date "2015.08.01"]
[Round "1.15"]
[White "Hoffmeister, Frank"]
[Black "Viaene, Jan"]
[Result "1-0"]
[BlackElo "1841"]
[WhiteElo "2215"]
[LiveChessVersion "1.4.6"]

1. d4 d5 2. c4 e6 3. Nf3 c6 4. Qc2 Nf6 5. g3 b6 6. Bg2 Bb7 7. O-O Be7 8. Nbd2
Nbd7 9. Rd1 O-O 10. e4 dxe4 11. Nxe4 Nxe4 12. Qxe4 Nf6 13. Qc2 Qc7 14. Bf4 Bd6
15. Bxd6 Qxd6 16. c5 Qc7 17. Rac1 b5 18. Ne5 Rad8 19. f4 Nd5 20. Qe2 Qe7 21. Be4
Qf6 22. a3 a6 23. Rd2 g6 24. Rcd1 Rfe8 25. Qf3 Qg7 26. Bc2 Rf8 27. Qe4 Nf6 28.
Qe2 Nd5 29. Ng4 Rfe8 30. Nf2 Nf6 31. Bb3 Rd7 32. Qe5 Red8 33. Kg2 Nd5 34. Kf3
Qxe5 35. dxe5 Kf8 36. Ne4 Ke7 37. g4 f5 38. exf6+ Nxf6 39. Rd6 Nd5 40. Rxd7+ Rxd7
41. Nd6 Ba8 42. Re1 Rd8 43. f5 1-0

[Event "TIPC 2015"]
[Site "Roux"]
[Date "2015.08.01"]
[Round "1.16"]
[White "Denivet, Axel"]
[Black "Sclacmender, Julien"]
[Result "0-1"]
[BlackElo "2209"]
[WhiteElo "1838"]
[LiveChessVersion "1.4.6"]

1. e4 d5 2. exd5 Nf6 3. d4 Bg4 4. Be2 Bxe2 5. Qxe2 Qxd5 6. Nf3 Nc6 7. Nc3 Qf5 8.
O-O O-O-O 9. Be3 e6 10. a3 Bd6 11. b4 Qh5 12. Nb5 Bxh2+ 13. Kh1 a6 14. Nc3 Be5+
15. Kg1 Nxd4 16. Bxd4 Bxd4 17. Nxd4 Rxd4 18. Qxh5 Nxh5 19. Na4 Nf4 20. g3 Ng6 21.
Nc5 h5 22. c3 Rc4 23. Rac1 h4 24. Kg2 Rg4 25. Rcd1 Rg5 26. Rd4 e5 27. Rd2 hxg3
28. fxg3 Nh4+ 29. Kf2 Rf5+ 30. Ke2 Rxf1 31. Kxf1 Nf5 32. Kg2 Nd6 33. a4 f5 34.
Rd1 e4 35. Rd5 g6 36. Re5 Re8 37. Rxe8+ Nxe8 38. g4 Nf6 39. gxf5 gxf5 40. Kg3 Nd5
41. c4 Nxb4 42. Kf4 Nd3+ 43. Nxd3 exd3 44. Ke3 Kd7 45. Kxd3 Kc6 0-1

[Event "TIPC 2015"]
[Site "Roux"]
[Date "2015.08.01"]
[Round "1.17"]
[White "Mastalerz, Xavier"]
[Black "Keiser, Marc"]
[Result "1-0"]
[BlackElo "1835"]
[WhiteElo "2190"]
[LiveChessVersion "1.4.6"]

1. d4 d5 2. Nf3 Nf6 3. c4 c6 4. e3 g6 5. Nc3 Bg7 6. Qb3 O-O 7. Bd2 e6 8. Rc1 Re8
9. Be2 Nbd7 10. O-O b6 11. a4 Ba6 12. Rfd1 Rb8 13. Bf1 Rb7 14. cxd5 Nc5 15. dxc5
bxc5 16. Qc2 Bxf1 17. Kxf1 exd5 18. Ne2 Ne4 19. Nc3 Qb8 20. Rb1 Nd6 21. b3 c4 22.
b4 Nf5 23. Ne2 Bf8 24. b5 c5 25. Nf4 Rd7 26. Kg1 Bh6 27. g3 Qb7 28. e4 Rxe4 29.
Re1 Nd6 30. Ne5 Re7 31. Nc6 Rxe1+ 32. Bxe1 Bxf4 33. Nxe7+ Qxe7 34. gxf4 Qd7 35.
f3 Nf5 36. Bf2 Nd4 37. Bxd4 cxd4 38. a5 d3 39. Qc3 Qf5 40. b6 axb6 41. axb6 d2
42. Rd1 Qe6 43. Rxd2 Qxb6+ 44. Qd4 Qa6 45. Qxd5 c3 46. Qd8+ 1-0

[Event "TIPC 2015"]
[Site "Roux"]
[Date "2015.08.01"]
[Round "1.18"]
[White "Gregorio, Santiago"]
[Black "Lacroix, Bruno"]
[Result "1/2-1/2"]
[BlackElo "2189"]
[WhiteElo "1829"]
[LiveChessVersion "1.4.6"]

1. e4 c5 2. Nf3 Nc6 3. Bb5 d6 4. O-O Bd7 5. Re1 g6 6. c3 a6 7. Bd3 Bg7 8. Bc2 e5
9. d3 Nge7 10. Nbd2 O-O 11. Nc4 Qc7 12. h3 h6 13. a4 Be6 14. Ne3 d5 15. Ng4 Kh7
16. Be3 f5 17. Ngh2 b6 18. Rc1 Rad8 19. Qe2 fxe4 20. dxe4 d4 21. cxd4 exd4 22.
Bd2 c4 23. Bb1 b5 24. axb5 axb5 25. Ng4 Qd7 26. Nh4 d3 27. Qd1 Nd4 28. Ba5 Ra8
29. Bb4 Rf7 30. Ne3 Nec6 31. Bc3 Qe7 32. g3 Ne2+ 33. Rxe2 dxe2 34. Qxe2 Nd4 35.
Bxd4 Bxd4 36. e5 Rg7 37. Qf3 Bxe3 38. Qxe3 Rd8 39. f4 Qa7 40. Bxg6+ Kg8 41. Qxa7
Rxa7 42. f5 Bf7 43. f6 Rd2 44. Re1 Rxb2 45. Bf5 Raa2 46. e6 Re2 47. exf7+ Kxf7
48. Rf1 1/2-1/2

[Event "TIPC 2015"]
[Site "Roux"]
[Date "2015.08.01"]
[Round "1.19"]
[White "Henris, Luc"]
[Black "Gheury, Jean-Marie"]
[Result "1-0"]
[BlackElo "1817"]
[WhiteElo "2162"]
[LiveChessVersion "1.4.6"]

1. e4 c6 2. d4 d5 3. Nc3 dxe4 4. Bc4 Nf6 5. f3 exf3 6. Nxf3 Bg4 7. Bxf7+ Kxf7 8.
Ne5+ Ke8 9. Nxg4 Nxg4 10. Qxg4 Qd7 11. Qe4 Na6 12. Bg5 Nc7 13. O-O Qe6 14. Qf3
Qg6 15. Bh4 Rd8 16. Rae1 Rxd4 17. Qxf8+ Rxf8 18. Rxe7+ Kd8 19. Rxf8+ Ne8 20.
Rexe8+ Kc7 21. Rc8+ Kb6 22. Bf2 c5 23. Bxd4 cxd4 24. Nd5+ Ka6 25. Rf3 b6 26. Ra3+
1-0

[Event "TIPC 2015"]
[Site "Roux"]
[Date "2015.08.01"]
[Round "1.20"]
[White "Chung Choong Lon, Marc"]
[Black "Stoenescu, Radu"]
[Result "1/2-1/2"]
[BlackElo "2152"]
[WhiteElo "1814"]
[LiveChessVersion "1.4.6"]

1. e4 c5 2. Nf3 d6 3. d4 cxd4 4. Nxd4 Nf6 5. Nc3 a6 6. Be3 Ng4 7. Bg5 h6 8. Bh4
g5 9. Bg3 Bg7 10. h3 Ne5 11. Nd5 e6 12. Ne3 Nbc6 13. Nxc6 bxc6 14. Bxe5 Bxe5 15.
Nc4 Qc7 16. Nxe5 Qa5+ 17. c3 Qxe5 18. Bd3 h5 19. Qd2 h4 20. O-O-O Ke7 21. Qe3 Bd7
22. Rd2 Qf4 23. Qe2 Rhb8 24. Rhd1 Rb6 25. Bc4 c5 26. Kb1 Bc6 27. f3 Ba4 28. b3
Bd7 29. Qd3 a5 30. Rb2 Rab8 31. Rdd2 a4 32. Qe2 Qe5 33. Qd3 Qh2 34. Qf1 Qe5 35.
Qd3 a3 36. Rbc2 Be8 37. Re2 f6 38. Qd1 Bg6 39. Ka1 Kf7 40. Qd2 Rd8 41. Qc1 Ra8
42. Qd2 Ra7 43. Qc1 Rb8 44. Qe3 Ra5 45. Qd2 Rd8 46. Qc1 Kg7 47. Qe1 Bf7 48. Qc1
Qh2 49. Qe3 d5 50. Rcd2 Re8 51. Bd3 d4 52. cxd4 cxd4 53. Qxd4 Qh1+ 54. Bb1 Raa8
55. e5 f5 56. Rd1 Qh2 57. Qd2 Qg3 58. Qe3 Re7 59. Qc5 Raa7 60. Qe3 Be8 61. Bd3
Bc6 62. Bc4 1/2-1/2

[Event "TIPC 2015"]
[Site "Roux"]
[Date "2015.08.01"]
[Round "1.21"]
[White "Lux, Hugo De Melo"]
[Black "Jassem, Philippe"]
[Result "1-0"]
[BlackElo "1813"]
[WhiteElo "2135"]
[LiveChessVersion "1.4.6"]

1. e4 c6 2. Ne2 d5 3. e5 c5 4. d4 Nc6 5. c3 Bf5 6. Ng3 Bg6 7. dxc5 e6 8. b4 Nxe5
9. Bb5+ Nc6 10. Nd2 Nf6 11. Nf3 Nd7 12. Bf4 Be7 13. O-O O-O 14. Re1 Ncb8 15. Rc1
Nf6 16. Nd4 a6 17. Ba4 Qc8 18. Ndf5 Bxc5 19. bxc5 exf5 20. Bd6 Nc6 21. Bxf8 Qxf8
22. Bxc6 bxc6 23. Qa4 Ne4 24. Nxe4 fxe4 25. c4 Rd8 26. cxd5 Rxd5 27. Qb4 f5 28.
Qb7 Be8 29. Qa7 h6 30. a4 Kh7 31. a5 Kg6 32. Qxa6 Rxc5 33. Qb6 Rxc1 34. Rxc1 Qa3
35. Rb1 f4 36. Qb3 Qe7 37. a6 e3 38. fxe3 fxe3 39. Re1 Qc5 1-0

[Event "TIPC 2015"]
[Site "Roux"]
[Date "2015.08.01"]
[Round "1.22"]
[White "Wirth, Charles"]
[Black "De Villers, Mourad"]
[Result "0-1"]
[BlackElo "2123"]
[WhiteElo "1813"]
[LiveChessVersion "1.4.6"]

1. d4 Nf6 2. Bg5 c5 3. d5 Ne4 4. Bh4 Qb6 5. Qc1 g5 6. Bg3 Bg7 7. c3 h5 8. Nd2
Nxd2 9. Qxd2 d6 10. f3 Rg8 11. e4 Nd7 12. Ne2 Ne5 13. Nc1 Bd7 14. h4 g4 15. f4
Bh6 16. Qf2 Ng6 17. Nd3 f5 18. e5 c4 19. Qxb6 axb6 20. Nb4 Nxf4 21. exd6 exd6 22.
Bxf4 Bxf4 23. Bxc4 Bg3+ 24. Kd2 O-O-O 25. Raf1 Rde8 26. Bd3 Re5 27. c4 Rge8 28.
Nc2 b5 29. b3 bxc4 30. bxc4 Kc7 31. Nd4 Ra8 32. Bb1 Ra4 33. Ne2 Ra3 34. Nxg3 Rxg3
35. Rf2 b5 36. Rc1 bxc4 37. Rxc4+ Kb6 38. Rcf4 Rxd5+ 39. Kc1 Rc3+ 40. Rc2 Rxc2+
41. Bxc2 Kc5 42. Bb3 Rd4 43. Rf2 d5 44. Re2 Re4 45. Rd2 Be6 46. Bc2 Re5 47. Rf2
d4 48. Kd2 Kd5 49. Rf4 Re3 50. Rf2 Ke5 51. Bb1 f4 52. Bg6 g3 53. Re2 Bd5 54. Bxh5
Rxe2+ 0-1

[Event "TIPC 2015"]
[Site "Roux"]
[Date "2015.08.01"]
[Round "1.23"]
[White "Van Uytven, Eric"]
[Black "Gillot, Florent"]
[Result "1-0"]
[BlackElo "1869"]
[WhiteElo "2112"]
[LiveChessVersion "1.4.6"]

1. Nf3 Nf6 2. d4 e6 3. e3 b6 4. Bd3 Bb7 5. O-O Be7 6. c4 O-O 7. Nc3 d5 8. b3 Nbd7
9. Bb2 a6 10. Rc1 Bd6 11. Bb1 Re8 12. Na4 Qe7 13. c5 bxc5 14. dxc5 Nxc5 15. Nxc5
Bxc5 16. Bxf6 gxf6 17. Qc2 f5 18. Qxc5 1-0

[Event "TIPC 2015"]
[Site "Roux"]
[Date "2015.08.02"]
[Round "2.1"]
[White "Van Melkebeke, Willem"]
[Black "Hovhannisyan, Mher"]
[Result "0-1"]
[BlackElo "2515"]
[WhiteElo "2080"]
[LiveChessVersion "1.4.6"]

1. e4  e6  2. d4  d5
 3. Nd2  h6  4. Ngf3
 Nf6  5. e5  Ne4 
6. Bd3  Nxd2  7. Bxd2  c5
 8. c3  Qb6  9. Rb1
 Nc6  10. dxc5  Bxc5
 11. O-O  a5  12. Qa4
 Bd7  13. Qg4  Kf8
 14. b4  axb4  15. cxb4
 Be7  16. b5  Na5
 17. Bb4  Qd8  18. Rfc1
 g6  19. Qf4  Kg7
 20. Bxe7  Qxe7  21. Rc7
 Rhd8  22. Rbc1  Rac8
 23. h4  b6  24. Qd4
 Nc4  25. Rxc8  Rxc8
 26. Bxc4  Bxb5  27. Bxb5
 Rxc1+  28. Kh2  Rc2
 29. a4  Qc5  30. Kg3
 Kf8  31. Bf1  Ra2
 32. Bb5  Ke7  33. Qxc5+
 bxc5  34. Ne1  c4
 35. Kf3  f6  36. exf6+
 Kxf6  37. Ke3  e5
 38. f4  Ra3+  39. Ke2
 exf4  40. Bc6  Ke5
 41. Nf3+  Kd6  42. Be8
 Re3+  0-1

[Event "TIPC 2015"]
[Site "Roux"]
[Date "2015.08.02"]
[Round "2.2"]
[White "Kveinys, Aloyzas"]
[Black "Schuermans, Robert"]
[Result "1-0"]
[BlackElo "2078"]
[WhiteElo "2491"]
[LiveChessVersion "1.4.6"]

1. d4 d5 2. c4 Nc6 3. Nc3 dxc4 4. d5 Ne5 5. f4 Nd7 6. e4 Nb6 7. a4 e5 8. a5 Nd7
9. Nf3 Bd6 10. f5 Ngf6 11. Bxc4 O-O 12. O-O a6 13. Qe2 b5 14. axb6 cxb6 15. Bg5
a5 16. Kh1 Nc5 17. g4 Bd7 18. Rg1 Rb8 19. Bb5 Bxb5 20. Qxb5 Ncd7 21. Qe2 Bc5 22.
Rg2 Re8 23. Nb5 Qc8 24. Na7 Qc7 25. Nc6 Ra8 26. Bd2 Nb8 27. g5 Nfd7 28. b4 Bd6
29. Rc1 Nxc6 30. Rxc6 Qb8 31. g6 fxg6 32. fxg6 axb4 33. gxh7+ Kh8 34. Nh4 Ra1+
35. Bc1 Nf6 36. Qb2 Ra7 37. Qf2 Nxh7 38. Rxb6 Rb7 39. Rc6 Kg8 40. Nf5 Bf8 41. Rh6
Qc8 42. Bb2 Qc4 43. Rxh7 Kxh7 44. Qh4+ Kg8 45. Nh6+ Kh7 46. Ng4+ Kg8 47. Nf6+ Kf7
48. Qh5+ Kxf6 49. Rg6+ 1-0

[Event "TIPC 2015"]
[Site "Roux"]
[Date "2015.08.02"]
[Round "2.3"]
[White "Marte, Sébastien"]
[Black "Dgebuadze, Alexandre"]
[Result "1/2-1/2"]
[BlackElo "2489"]
[WhiteElo "2061"]
[LiveChessVersion "1.4.6"]

1. Nf3  c5  2. c4  Nc6
 3. Nc3  g6  4. g3
 Bg7  5. Bg2  d6 
6. O-O  h5  7. a3  Nh6
 8. Rb1  Nd4  9. b4
 Nxf3+  10. Bxf3  h4
 11. bxc5  dxc5 12. Bxb7  Bxb7
 13. Rxb7  O-O  14. d3
 hxg3  15. hxg3  Nf5
 16. Ne4  Nd4  17. Bg5
 f6  18. Be3  f5 
19. Ng5  Qc8  20. Rb1  f4
 21. Bxd4  Bxd4  22. Kg2
 fxg3  23. fxg3  Qg4
 24. Qd2  Rf5  25. Rxf5
 gxf5  26. Nf3  Kf7
 27. Qg5  Qxg5  28. Nxg5+
 Kf6  29. Nf3  Be3
 30. Nh4  Rg8  31. Kf3
 Bd2  32. Ng2  e5
 33. Rb5  e4+  34. dxe4
 fxe4+  35. Kf2  Bc1
 36. Rxc5  Bxa3  37. Ra5
 Bb4  38. Ra6+  Ke5
 39. e3  Bc5  40. Nf4
 Bxe3+  41. Kxe3  Rxg3+
 42. Kf2  Rf3+  43. Ke2
 Kxf4  44. Rxa7  Re3+
 45. Kd2  Rh3  46. c5
 Rh2+  47. Kc3  Rh1
 48. c6  Rc1+  49. Kd4
 Rd1+  50. Kc5  Rc1+
 51. Kd4  Rxc6  52. Rf7+
 Kg5  53. Kxe4  Rf6
 54. Rxf6  Kxf6 1/2-1/2

[Event "TIPC 2015"]
[Site "Roux"]
[Date "2015.08.02"]
[Round "2.4"]
[White "Naumkin, Igor"]
[Black "Jourdain, Jean-François"]
[Result "1-0"]
[BlackElo "2034"]
[WhiteElo "2437"]
[LiveChessVersion "1.4.6"]

1. d4  e6  2. c4  Nf6
 3. Nf3  Bb4+  4. Nbd2
 O-O  5. a3  Bxd2+
 6. Qxd2  d5  7. e3
 b6  8. b4  Nbd7 
9. Bb2  Bb7  10. Rc1  Ne4
 11. Qc2  c5  12. dxc5
 bxc5  13. Bd3  Ndf6
 14. O-O  cxb4  15. axb4
 dxc4  16. Bxc4  Rc8
 17. Qe2  Qb6  18. b5
 Bd5  19. Bd3  Qb7
 20. Ne5  Nc5  21. f3
 Nxd3  22. Qxd3  Rb8
 23. Rc5  Rfd8  24. Qc3
 Rbc8  25. Rc1  Rxc5
 26. Qxc5  Nd7  27. Qe7
 1-0

[Event "TIPC 2015"]
[Site "Roux"]
[Date "2015.08.02"]
[Round "2.5"]
[White "Procaccci, Sergio"]
[Black "Godart, François"]
[Result "0-1"]
[BlackElo "2422"]
[WhiteElo "2043"]
[LiveChessVersion "1.4.6"]

1. e4  e6  2. d4  d5
 3. e5  c5  4. c3
 Nc6  5. Nf3  Bd7
 6. Bd3  cxd4  7. cxd4
 Qb6  8. O-O  Nxd4
 9. Nxd4  Qxd4  10. Nc3
 a6  11. Qe2  Ne7
 12. Kh1  Nc6  13. f4
 Nb4  14. Rd1  Bc5
 15. Bb5  Qf2  16. Bxd7+
 Kxd7  17. Qxf2  Bxf2
 18. Ne4  Bh4  19. Nc5+
 Kc6  20. Nb3  Nc2
 21. Rb1  Rhc8  22. g3
 Bd8  23. Rd3  Kd7
 24. Bd2  Rc4  25. a3
 Bb6  26. f5  Rac8
 27. fxe6+  Kxe6  28. Rd1
 Re4  29. Kg2  Ne3+
 30. Bxe3  Rxe3  31. Rxe3
 Bxe3  32. Kf3  Bb6
 33. Rd2  Kxe5  34. Na1
 Rc6  35. Nc2  Rf6+
 36. Kg2  Ke4  37. Nb4
 Rd6  38. Re2+  Be3
 39. Re1  d4  40. Rd1
 d3  0-1